| 000 | 00578ntaaa2200205 4500 | ||
|---|---|---|---|
| 003 | 01 | ||
| 005 | 20251027202053.0 | ||
| 008 | 0714s1973 ag 01 | ||
| 040 |
_aAR-BaBN _bspa _cAR-BaBN _eaacr _dRIC |
||
| 082 | _a252.0000 G16 | ||
| 100 |
_aGarza Garza, Guillermo _919274 |
||
| 245 | _aSin leña se apaga el fuego | ||
| 250 | _a1 ed. | ||
| 260 |
_aEl Paso : _bCasa Bautista de Publicaciones, _cc1959 |
||
| 300 | _a83 p | ||
| 500 | _aLibro perdido - Juego de ficha retirado, 17/6/76 | ||
| 650 |
_asermones-jóvenes _919253 |
||
| 650 |
_ajóvenes-sermones _919275 |
||
| 942 | _cBK | ||
| 999 |
_c15534 _d15534 |
||